000 00349 a2200157 4500
001 176293
020 _a
040 _cMagnum
100 _aRodrigues, Rosicler Martins
240 1 0 _aA vida dos dinossauros
_lpor
245 1 0 _aA vida dos dinossauros
362 0 _a1899
440 1 _aModerna
697 _aMAGNITO: IJ/PARADIDATICO
942 _cBK
999 _c176293
_d176293